000 00636nam a2200181Ia 4500
008 090124s9999 xx 000 0 und d
082 _b122625
100 _aअष्टीकर मंदाकिनी
245 _a कारे अबोला कारे दुरावा
250 _a1
260 _c1988
300 _a236
600 _aअष्टीकर मंदाकिनी
630 _a कारे अबोला कारे दुरावा
700 _aअष्टीकर मंदाकिनी
730 _a कारे अबोला कारे दुरावा
942 _cBOOK
999 _c168711
_d168711